01354nam a2200313 i 4500003000900000005001700009007000300026008004100029020001800070040003000088082001400118100004700132245009500179264004200274300002900316336002700345337003400372338002800406500006400434504003100498590002700529650003700556910001400593942001400607952013000621952013600751952013600887999001701023DO-SdBNP20240820103811.0ta240820s2024 dr 000 j spa d a9789945476026 aDO-SdBNPbspacBNPHUerda 222bM425c1 aMateo, Manuel Antoniod1951-eautor98636110aCooperativas y cooperativismo :bteoría, organización y gestión /cManuel Ant. Mateo 1aSanto Domingo :bFotomegraf,c[2024]. a310 páginas, c23 cm. 2rdacontentatextobtxt 2rdamediaasin mediación bn 2rdacarrieravolumenbnc aIncluye datos biografícos del autor en la contraportada.  aBibliografía p: 307-309. aInventariado, 2024/ YL 4aTuberculosisxTratamiento979001 aYLockward 2ddccLBS1 00102ddc51708PDaBNPHUbBNPHUcCTd2024-07-12eDeposito Legall0oBNPHU PD M425cp2024-4944r2024-08-20w2024-08-20yLBS1 00102ddc51708PDaBNPHUbBNPHUcCTd2024-07-12eDeposito Legall0oBNPHU PD M425cp2024-4945r2024-08-20te. 2w2024-08-20yLBS1 00102ddc56708DSaBNPHUbBNPHUcCTd2024-07-12eDeposito Legall0oBNPHU DS M425cp2024-4946r2024-08-20te. 3w2024-08-20yLBS1 c57488d57488